00559nam a2200157Ia 4500003000400000005001700004008004100021020001800062020001500080040000900095082002600104100001600130245020300146260004300349300000900392OSt20200104124524.0190216s9999||||xx |||||||||||||| ||und|| a9788189915674 a8189915673 coclc a332.6725320954bALI/I aAli, Sajid  0aInsurance In India history and development : economic liberalization and reforms : risk management and insurance : performance of insurance companies/cSajid Ali ; Riyaz Mohammad ; Masharique Ahmad bRegal Publications,c2012.aNew Delhi: a160p